| 000 | 00411cam a2200169ua 4500 | ||
|---|---|---|---|
| 020 | _cRs.1.25/- | ||
| 041 |
_amal _h |
||
| 082 |
_a894.8122 _bMUH/KA |
||
| 100 | _aMuhammad , K.T . | ||
| 245 |
_aKaravatta Pashu / _cK.T.Muhammad. _hTextual Documents |
||
| 260 |
_aThrissur : _bCurrent Books , _c1963. |
||
| 300 | _a62 ; . | ||
| 365 | _aRs.1.25/- | ||
| 504 | _a | ||
| 942 | _cBK | ||
| 999 |
_c391 _d391 |
||